Anagrams - North American Cities - Statistics

General Stats
  • This quiz has been taken 759 times
  • The average score is 15 of 30
Answer Stats
Hint Answer % Correct
Ahavan Havana (Cuba)
93%
Nerved Denver (USA)
75%
Notroot Toronto (Canada)
73%
Lone León (Mexico)
68%
Dominotangos Santo Domingo (Dominican Republic)
66%
Natalat Atlanta (USA)
63%
Mytoxicice Mexico City (Mexico)
62%
Pinewing Winnipeg (Canada)
60%
Lemontar Montreal (Canada)
56%
Wornkey New York (USA)
56%
Jaguaradlaa Guadalajara (Mexico)
55%
Saunas Nassau (The Bahamas)
53%
Legalnoses Los Angeles (USA)
51%
Hipoxen Phoenix (USA)
51%
Racygal Calgary (Canada)
50%
Singknot Kingston (Jamaica)
49%
Alepub Puebla (Mexico)
48%
Curvenova Vancouver (Canada)
47%
Southno Houston (USA)
45%
Hippiehallad Philadelphia (USA)
43%
Sojeans San José (Costa Rica)
40%
Tondemon Edmonton (Canada)
39%
Glaciatepug Tegucigalpa (Honduras)
37%
Merrynote Monterrey (Mexico)
31%
Burptights Pittsburgh (USA)
29%
Vandalsoars San Salvador (El Salvador)
27%
Paleminions Minneapolis (USA)
26%
Satanicsky Kansas City (USA)
25%
Silkylactate Salt Lake City (USA)
21%
Apricotprune Port-au-Prince (Haiti)
19%
No matching quizzes found
Score Distribution
Percent of People with Each Score
Percentile by Number Answered
Your Score History
You have not taken this quiz